Statistiques concernant Places françaises en image

Cliquez ici pour prendre le quiz!

Statistiques générales

  • Ce quiz a été pris 27 fois
  • Le résultat moyen est 4 sur 20

Statistiques - réponses

Réponse% Correct
Place Stanislas (Nancy)
62%
Place des Vosges (Paris)
46%
Place du Capitole (Toulouse)
46%
Place de la bourse (Bordeaux)
42%
Place de la comédie (Montpellier)
38%
Place du général de Gaulle (Lille)
31%
Place du parlement de Bretagne (Rennes)
23%
Place Kléber (Strasbourg)
19%
Place des terreaux (Lyon)
15%
Place de la libération (Dijon)
12%
Place du Martroi (Orléans)
12%
Place Masséna (Nice)
12%
Place Plumereau (Tours)
12%
Place royale (Reims)
12%
Place de Jaude (Clermont-Ferrand)
8%
Place ducale (Charleville-Mézières)
8%
Place du ralliement (Angers)
8%
Place nationale (Montauban)
8%
Place de la Révolution (Besançon)
4%
Place du Vieux-Marché (Rouen)
4%

Distribution des résultats

Percentile par nombre de réponses

% des personnes avec chaque résultat

Votre développement - résultats

Vous n’avez pas pris ce quiz